El istmo de Tehuantepec (Record no. 3252)

MARC details
000 -CABECERA
campo de control de longitud fija 01053nam a2200241 a 4500
001 - NÚMERO DE CONTROL
campo de control BRCA_3517
005 - FECHA Y HORA DE LA ÚLTIMA TRANSACCIÓN
campo de control 20190320204322.0
008 - DATOS DE LONGITUD FIJA--INFORMACIÓN GENERAL
campo de control de longitud fija 260709s1852----mx-a---###---#000-0#spa-#
041 ## - CÓDIGO DE LENGUA
Código de lengua del texto/banda sonora o título independiente spa
044 ## - CÓDIGO DEL PAÍS DE LA ENTIDAD EDITORA/PRODUCTORA
Código MARC del país mx
050 #4 - SIGNATURA TOPOGRÁFICA DE LA BIBLIOTECA DEL CONGRESO
Número de clasificación F1359
Número de documento/Ítem .I88 1852
245 10 - MENCIÓN DE TÍTULO
Título El istmo de Tehuantepec
Resto del título resultado del reconocimiento que para la construcción de un ferro-carril de comunicación entre los oceanos Atlántico y Pacífico ejecutó la comisión científica, bajo la dirección del Sr. J. Barnard...
Mención de responsabilidad, etc. ilustrado, arreglado y preparado por el ayudante pricipal J. J. Williams ; traducido al castellano por Francisco de Arrangoiz.
260 ## - PUBLICACIÓN, DISTRIBUCIÓN, ETC.
Lugar de publicación, distribución, etc. Mejico
Nombre del editor, distribuidor, etc. V. García Torres
Fecha de publicación, distribución, etc. 1852
300 ## - DESCRIPCIÓN FÍSICA
Extensión 326 p.
Otras características físicas il., 1 mapa plegable
Dimensiones 22 cm.
500 ## - NOTA GENERAL
Nota general B121
650 14 - PUNTO DE ACCESO ADICIONAL DE MATERIA--TÉRMINO DE MATERIA
Término de materia o nombre geográfico como elemento de entrada Ferrocarriles
9 (RLIN) 9137
651 #4 - PUNTO DE ACCESO ADICIONAL DE MATERIA--NOMBRE GEOGRÁFICO
Nombre geográfico Tehuantepec (Istmo)
Subdivisión general Historia
9 (RLIN) 9138
700 1# - PUNTO DE ACCESO ADICIONAL--NOMBRE DE PERSONA
Nombre de persona Williams, John Jay
Fechas asociadas al nombre 1818-1904
Término indicativo de función/relación il.
9 (RLIN) 9139
700 1# - PUNTO DE ACCESO ADICIONAL--NOMBRE DE PERSONA
Nombre de persona Arrangoiz y Berzabal, Francisco de Paula de
Término indicativo de función/relación tr.
9 (RLIN) 9140
710 2# - PUNTO DE ACCESO ADICIONAL--NOMBRE DE ENTIDAD CORPORATIVA
Nombre de entidad corporativa o nombre de jurisdicción como elemento de entrada Tehuantepec Railroad Company of New Orleans
9 (RLIN) 9141
902 ## - CATALOGADOR
Iniciales GFM
942 ## - ELEMENTOS DE PUNTO DE ACCESO ADICIONAL (KOHA)
Fuente del sistema de clasificación o colocación Library of Congress Classification
Tipo de ítem Koha Libros
Holdings
Estado de retiro Estado de pérdida Estado dañado No para préstamo Localización permanente Ubicación/localización actual Fecha de adquisición Número de inventario Total de préstamos Signatura topográfica completa Código de barras Fecha visto por última vez Precio válido a partir de Tipo de ítem Koha
El ejemplar forma parte de la colección y puede ser consultado según las políticas vigentes.       Biblioteca del Museo Franz Mayer (Rogerio Casas-Alatriste) Biblioteca del Museo Franz Mayer (Rogerio Casas-Alatriste) 26/07/2009 B121   F1359 .I88 1852 (B121) 3514 22/03/2019 22/03/2019 Libros